Ergonomické projektovanie /
Saved in:
| Main Author: | |
|---|---|
| Format: | Book |
| Language: | Slovak |
| Published: |
Bratislava :
SlTK-Centrum VTI SR,
1989
|
| Subjects: | |
| Tags: |
No Tags, Be the first to tag this record!
|
MARC
| LEADER | 00000nam a22000003a 4500 | ||
|---|---|---|---|
| 001 | stu35961 | ||
| 005 | 20150617225730.9 | ||
| 008 | 920519s1989----cs------------------slo-d | ||
| 040 | |a STU |b slo | ||
| 041 | 0 | |a slo | |
| 044 | |a cs | ||
| 080 | |a 331.015.11 |7 stu_us_auth*stu3818 | ||
| 100 | 1 | |a Molnárová, I |4 ZRE | |
| 245 | 1 | |a Ergonomické projektovanie / |c Sprac. I. Molnárová | |
| 260 | |a Bratislava : |b SlTK-Centrum VTI SR, |c 1989 | ||
| 300 | |a 15 s : |b 49 záznamov (1981-1987 | ||
| 650 | 7 | |a ergonómia |2 stusub | |
| 650 | 7 | |a projektovanie |2 stusub | |
| 650 | 7 | |a rešerš |2 stusub | |
| 996 | |b M R-60 |c M*R-60 |l MMKN |s A |a 24 |w stu35961_0001 | ||